[Event "Medellin Castro Memorial op-B 31st"]
[Site "Medellin"]
[Date "2024.08.11"]
[Round "8"]
[White "Ramirez Montoya, Jorge A"]
[Black "Alvarez Gamez, Ismael"]
[Result "0-1"]
[WhiteElo "1807"]
[BlackElo "1930"]
[PlyCount "52"]
[EventDate "2024.08.07"]
[EventType "swiss"]
[EventRounds "9"]
[EventCountry "COL"]
[SourceTitle "CBM 221 Extra"]
[Source "ChessBase"]
[SourceDate "2024.09.30"]
[SourceVersion "1"]
[SourceVersionDate "2024.09.30"]
[SourceQuality "1"]

1. e4 c5 2. Nf3 e6 3. d4 cxd4 4. Nxd4 Nf6 5. Nc3 Nc6 6. Ndb5 Bb4 7. a3 Bxc3+ 8. Nxc3 d5 9. exd5 exd5 10. Bd3 0-0 11. 0-0 Bg4 12. Ne2 h6 13. h3 Bh5 14. g4 Bg6 15. Bxg6 fxg6 16. g5 hxg5 17. Bxg5 Qd7 18. h4 Ne4 19. Ng3 Nxg5 20. hxg5 Rf4 21. Qd2 Raf8 22. Rad1 d4 23. c3 Ne5 24. Qe2 Nf3+ 25. Kg2 Qc6 26. Ne4 Nh4+ 0-1

[Event "Medellin Castro Memorial op-B 31st"]
[Site "Medellin"]
[Date "2024.08.10"]
[Round "6"]
[White "Ciro, Jose Daniel"]
[Black "Alvarez Gamez, Ismael"]
[Result "0-1"]
[WhiteElo "1800"]
[BlackElo "1930"]
[PlyCount "87"]
[EventDate "2024.08.07"]
[EventType "swiss"]
[EventRounds "9"]
[EventCountry "COL"]
[SourceTitle "CBM 221 Extra"]
[Source "ChessBase"]
[SourceDate "2024.09.30"]
[SourceVersion "1"]
[SourceVersionDate "2024.09.30"]
[SourceQuality "1"]

1. d4 Nf6 2. c4 c5 3. d5 b5 4. cxb5 a6 5. bxa6 Bxa6 6. Nc3 d6 7. e4 Bxf1 8. Kxf1 g6 9. g3 Bg7 10. Kg2 Qb6 11. a4 0-0 12. Qe2 Nbd7 13. Nf3 Rfb8 14. Nd2 Ne8 15. Nc4 Qa6 16. Re1 Rb4 17. Nd2 Qxe2 18. Rxe2 Bxc3 19. bxc3 Rbxa4 20. Rxa4 Rxa4 21. f4 Ra2 22. Kf3 Rc2 23. Nb3 Rxc3+ 24. Re3 Rc2 25. Re2 Rc4 26. Be3 Nef6 27. Bg1 Nb6 28. Na5 Ra4 29. Nc6 Kf8 30. Rb2 Nc4 31. Rb8+ Kg7 32. e5 Nxd5 33. exd6 exd6 34. Rb7 Ra8 35. Rd7 Nf6 36. Rc7 h5 37. h3 Nd2+ 38. Kg2 h4 39. g4 Nd5 40. Ra7 Nxf4+ 41. Kh1 Rxa7 42. Nxa7 Nxh3 43. Be3 Nc4 44. Bc1 0-1

[Event "Medellin Castro Memorial op-B 31st"]
[Site "Medellin"]
[Date "2024.08.09"]
[Round "5"]
[White "Alvarez Gamez, Ismael"]
[Black "Alvarez, Carlos F"]
[Result "0-1"]
[WhiteElo "1930"]
[BlackElo "1860"]
[PlyCount "54"]
[EventDate "2024.08.07"]
[EventType "swiss"]
[EventRounds "9"]
[EventCountry "COL"]
[SourceTitle "CBM 221 Extra"]
[Source "ChessBase"]
[SourceDate "2024.09.30"]
[SourceVersion "1"]
[SourceVersionDate "2024.09.30"]
[SourceQuality "1"]

1. e4 d6 2. d4 Nf6 3. Nc3 g6 4. Bg5 h6 5. Be3 Bg7 6. f3 c6 7. Qd2 Nbd7 8. 0-0-0 b5 9. Kb1 Qa5 10. e5 dxe5 11. dxe5 Nxe5 12. Nh3 b4 13. Ne4 Nxe4 14. fxe4 Be6 15. b3 0-0 16. Nf4 Rfd8 17. Qc1 Rxd1 18. Qxd1 Ng4 19. Nxe6 Nxe3 20. Qd3 fxe6 21. Qxe3 Qe5 22. c3 bxc3 23. Kc2 Qa5 24. a4 Qb4 25. Bc4 Qa3 26. e5 Qb2+ 27. Kd3 Rd8+ 0-1

[Event "COL-ch sf"]
[Site "Medellin"]
[Date "2020.11.13"]
[Round "3"]
[White "Alvarez Gamez, Ismael"]
[Black "Soto, Cristian Camilo"]
[Result "0-1"]
[WhiteElo "1943"]
[BlackElo "2109"]
[PlyCount "42"]
[EventDate "2020.11.12"]
[EventType "swiss"]
[EventRounds "8"]
[EventCountry "COL"]
[SourceTitle "CBM 199 Extra"]
[Source "ChessBase"]
[SourceDate "2021.01.31"]
[SourceVersion "1"]
[SourceVersionDate "2021.01.31"]
[SourceQuality "1"]

1. e4 c5 2. Nf3 e6 3. d4 cxd4 4. Nxd4 Nf6 5. Nc3 Nc6 6. Ndb5 Bb4 7. a3 Bxc3+ 8. Nxc3 d5 9. exd5 Nxd5 10. Nxd5 Qxd5 11. Qxd5 exd5 12. Bf4 Be6 13. 0-0-0 f6 14. Bb5 Kf7 15. Rhe1 Rac8 16. Kb1 a6 17. Ba4 Na5 18. Bd2 Nc4 19. Bb3 b5 20. Bb4 Rhd8 21. Re2 d4 0-1

[Event "COL-ch Amateur U2000"]
[Site "Bogota"]
[Date "2017.03.05"]
[Round "7"]
[White "Alvarez Gamez, Ismael"]
[Black "Torres Diaz, Hector Camilo"]
[Result "1-0"]
[WhiteElo "1950"]
[BlackElo "1708"]
[PlyCount "75"]
[EventDate "2017.03.02"]
[EventType "swiss"]
[EventRounds "7"]
[EventCountry "COL"]
[SourceTitle "CBM 177 Extra"]
[Source "ChessBase"]
[SourceDate "2017.04.27"]
[SourceVersion "1"]
[SourceVersionDate "2017.04.27"]
[SourceQuality "1"]

1. e4 e6 2. d4 d5 3. Nc3 Bb4 4. e5 c5 5. Bd2 a6 6. a3 Bxc3 7. bxc3 Nc6 8. Qg4 Nge7 9. Nf3 0-0 10. Bd3 Ng6 11. h4 f5 12. Qg3 Qb6 13. h5 Nge7 14. Bh6 Rf7 15. 0-0 cxd4 16. c4 Kf8 17. Bd2 h6 18. Nh4 dxc4 19. Bxc4 Qc5 20. Bb3 Qxe5 21. Bf4 Qf6 22. Rfe1 Bd7 23. Ng6+ Ke8 24. Bd6 Nxg6 25. hxg6 Re7 26. Rad1 Rc8 27. f4 Na5 28. Be5 Qf8 29. Rxd4 Nc6 30. Rxd7 Rxd7 31. Bxe6 Qc5+ 32. Kh2 Nxe5 33. Rxe5 Qd4 34. Bxf5+ Kd8 35. Qh4+ Kc7 36. Bxd7 Kxd7 37. Qe7+ Kc6 38. Re6+ 1-0

[Event "COL-ch blitz"]
[Site "Quibdo"]
[Date "2015.11.08"]
[Round "3"]
[White "Alvarez Gamez, Ismael"]
[Black "Becerra, Juan David"]
[Result "0-1"]
[WhiteElo "2025"]
[BlackElo "2330"]
[PlyCount "134"]
[EventDate "2015.11.08"]
[EventType "swiss (blitz)"]
[EventRounds "18"]
[EventCountry "COL"]
[SourceTitle "CBM 169 Extra"]
[Source "ChessBase"]
[SourceDate "2015.12.18"]
[SourceVersion "1"]
[SourceVersionDate "2015.12.18"]
[SourceQuality "1"]

1. e4 c5 2. Nf3 d6 3. d4 cxd4 4. Nxd4 Nf6 5. Nc3 a6 6. Be3 e5 7. Nb3 Be7 8. Be2 Be6 9. f3 0-0 10. 0-0 d5 11. exd5 Nxd5 12. Nxd5 Bxd5 13. c4 Be6 14. Qxd8 Rxd8 15. Rad1 Nc6 16. Nc5 Nd4 17. Bxd4 exd4 18. Nxe6 fxe6 19. Bd3 Rab8 20. a4 Bb4 21. Rf2 g6 22. Re2 Kf7 23. b3 Kf6 24. Kf2 Rbc8 25. f4 Rc7 26. Kf3 Re7 27. g4 Kg7 28. Re4 Bc3 29. g5 Rde8 30. Re5 Bb4 31. Bf1 Bd6 32. Re4 Bc5 33. Re5 Bd6 34. Re4 Bc5 35. Re5 Bb4 36. Bh3 Bc3 37. Bf1 Rf8 38. Bh3 Ref7 39. Re4 e5 40. f5 gxf5 41. Rxe5 Kg6 42. Rg1 f4 43. Re6+ Kg7 44. Bf1 Bd2 45. Bd3 Be3 46. Rg4 Rc7 47. Rh4 Kg8 48. g6 hxg6 49. Rxg6+ Rg7 50. Rhg4 Rxg6 51. Rxg6+ Kf7 52. Rb6 Rh8 53. Kg2 Rg8+ 54. Kf3 Rh8 55. Rxb7+ Ke6 56. Rb6+ Kd7 57. Kg2 Rg8+ 58. Kh3 f3 59. Bf5+ Kc7 60. Rg6 Rf8 61. Bd3 f2 62. Bf1 Rb8 63. Rxa6 Rxb3 64. Ra7+ Kb6 65. Ra8 Rb1 66. Kg2 Kc5 67. h3 Rb6 0-1

[Event "COL-ch blitz"]
[Site "Quibdo"]
[Date "2015.11.08"]
[Round "1"]
[White "Alvarez Gamez, Ismael"]
[Black "Ossa, Orlando Jose"]
[Result "0-1"]
[WhiteElo "2025"]
[BlackElo "2314"]
[PlyCount "82"]
[EventDate "2015.11.08"]
[EventType "swiss (blitz)"]
[EventRounds "18"]
[EventCountry "COL"]
[SourceTitle "CBM 169 Extra"]
[Source "ChessBase"]
[SourceDate "2015.12.18"]
[SourceVersion "1"]
[SourceVersionDate "2015.12.18"]
[SourceQuality "1"]

1. e4 e5 2. Nf3 Nc6 3. d4 Qf6 4. d5 Nce7 5. c4 Ng6 6. Nc3 Bc5 7. Nb5 Qb6 8. Qc2 Nf6 9. Bd3 c6 10. Nc3 Qd8 11. a3 a5 12. 0-0 d6 13. h3 0-0 14. Rb1 Nh5 15. b4 axb4 16. axb4 Ba7 17. Kh2 Ngf4 18. Be3 Qf6 19. Ra1 Bxe3 20. Rxa8 Bb6 21. Ng1 Qh6 22. Be2 Nf6 23. Bf3 g5 24. Nce2 g4 25. Nxf4 Qxf4+ 26. g3 Qh6 27. Bg2 gxh3 28. Bxh3 Kg7 29. Rxc8 Rxc8 30. Kg2 cxd5 31. Bxc8 dxe4 32. Bf5 Qg5 33. Bxe4 h5 34. Nf3 Qg4 35. Bf5 e4 36. Bxg4 exf3+ 37. Bxf3 Kh6 38. Qd2+ Kg6 39. Qxd6 Ba7 40. Be4+ Kg5 41. Bxb7 Ng4 0-1

[Event "COL-ch blitz"]
[Site "Quibdo"]
[Date "2015.11.08"]
[Round "18"]
[White "Otero Martinez, Daniel"]
[Black "Alvarez Gamez, Ismael"]
[Result "0-1"]
[WhiteElo "1960"]
[BlackElo "2025"]
[PlyCount "66"]
[EventDate "2015.11.08"]
[EventType "swiss (blitz)"]
[EventRounds "18"]
[EventCountry "COL"]
[SourceTitle "CBM 169 Extra"]
[Source "ChessBase"]
[SourceDate "2015.12.18"]
[SourceVersion "1"]
[SourceVersionDate "2015.12.18"]
[SourceQuality "1"]

1. e4 c5 2. d4 cxd4 3. c3 d3 4. Bxd3 e6 5. f4 d6 6. Nf3 Nf6 7. 0-0 Be7 8. Kh1 0-0 9. Qe2 a6 10. e5 Nd5 11. c4 Nb4 12. Be4 Qc7 13. Nc3 Nd7 14. exd6 Qxd6 15. Ng5 Nf6 16. Bb1 h6 17. Be3 Qc7 18. Bd4 Rd8 19. Be5 Qa5 20. a3 Nc6 21. b4 Qb6 22. c5 Qa7 23. Nge4 Nd4 24. Qf2 Nxe4 25. Nxe4 Nf5 26. g4 Nh4 27. g5 Nf5 28. gxh6 Nxh6 29. Rg1 g6 30. Nf6+ Bxf6 31. Bxf6 Bd7 32. Qh4 Bc6+ 33. Rg2 Rd1+ 0-1

[Event "COL-chT Cup"]
[Site "Bogota"]
[Date "2015.06.08"]
[Round "5.4"]
[White "Alvarez Gamez, Ismael"]
[Black "Olarte Parra, Jhoan Sebastian"]
[Result "0-1"]
[WhiteElo "1938"]
[BlackElo "2066"]
[PlyCount "74"]
[EventDate "2015.06.06"]
[EventType "team-swiss"]
[EventRounds "6"]
[EventCountry "COL"]
[SourceTitle "CBM 166 Extra"]
[Source "ChessBase"]
[SourceDate "2015.06.18"]
[SourceVersion "1"]
[SourceVersionDate "2015.06.18"]
[SourceQuality "1"]
[WhiteTeam "Choco"]
[BlackTeam "Marca"]
[WhiteTeamCountry "COL"]
[BlackTeamCountry "COL"]

1. e4 c5 2. Nf3 d6 3. d4 cxd4 4. Nxd4 Nf6 5. Nc3 a6 6. Be3 e5 7. Nb3 Be6 8. Be2 Nbd7 9. 0-0 Be7 10. f4 Qc7 11. Kh1 b5 12. a3 Rc8 13. Qe1 Bc4 14. Bd3 exf4 15. Bxf4 Ne5 16. Rd1 Nxd3 17. Rxd3 Bxd3 18. cxd3 Qd7 19. Nd4 Rc5 20. Nf5 Rxf5 21. exf5 0-0 22. Bg5 d5 23. h3 Bd8 24. Qf2 Re8 25. Qd4 Nh5 26. Qg4 Nf6 27. Qf3 d4 28. Bxf6 Bxf6 29. Ne4 Qc6 30. g4 h6 31. Kg1 Rc8 32. Qf2 Qb6 33. h4 Qd8 34. h5 Bh4 35. Qg2 Rc6 36. Qh2 Bg5 37. Qe2 Be3+ 0-1

[Event "NCA-chT Primera Division"]
[Site "Managua"]
[Date "2012.02.17"]
[Round "3.13"]
[White "Maltez, Lazaro"]
[Black "Alvarez Gamez, Ismael"]
[Result "0-1"]
[WhiteElo "1867"]
[BlackElo "2013"]
[PlyCount "88"]
[EventDate "2012.02.17"]
[EventType "swiss"]
[EventRounds "9"]
[EventCountry "NCA"]
[SourceTitle "EXT 2024"]
[Source "ChessBase"]
[SourceDate "2023.10.10"]
[SourceVersion "1"]
[SourceVersionDate "2023.10.10"]
[SourceQuality "1"]

1. Nf3 c5 2. c4 d6 3. b3 Nf6 4. g3 b6 5. Bg2 Bb7 6. Bb2 e6 7. 0-0 Be7 8. d3 0-0 9. Nbd2 Nbd7 10. Re1 Qc7 11. Qc2 Rfd8 12. Rad1 Rac8 13. Bc3 a6 14. Qb2 b5 15. a3 Rb8 16. cxb5 axb5 17. Rc1 Qb6 18. b4 Bf8 19. Rb1 Nd5 20. bxc5 dxc5 21. Be5 Nxe5 22. Nxe5 Qd6 23. Ne4 Qc7 24. Rec1 Nb6 25. d4 f6 26. dxc5 Na4 27. Qc2 Qxe5 28. Rxb5 Bxe4 29. Qxa4 Bxg2 30. Kxg2 Rxb5 31. Qxb5 Rd5 32. Qe8 Qe4+ 33. Kg1 Qxe2 34. c6 Rd2 35. Rf1 Rc2 36. Qd7 Qc4 37. c7 e5 38. a4 Qxc7 39. Qd5+ Qf7 40. Qb5 Qc4 41. Qe8 Qc6 42. Qd8 Qxa4 43. Qd5+ Kh8 44. Rb1 Qd4 0-1